LEADER 01229nam0-2200301---450- 001 990008318370403321 005 20060503094845.0 035 $a000831837 035 $aFED01000831837 035 $a(Aleph)000831837FED01 035 $a000831837 100 $a20060502d1953----km-y0itay50------ba 101 0 $aita 102 $aIT 105 $a--------001yy 200 1 $aRelazione preliminare sulle osservazioni eseguite nell'estate 1953 sui fenomeni crio-nivali in Piemonte$fC. F. Capello, C. Origlia, R. Amedeo 210 $aMilano$cArti grafiche F. Combi$ds. d. 215 $a9 p., 3 c di tav.$d24 cm 225 1 $a[Pubblicazione]$fUniversitą di Torino, Facoltą di Magistero, Istituto di Geografia$hserie A$iMemorie e studi geografici$v3 300 $aestr. da Studi sui fenomeni crio-nivali nelle Alpi Italiane, Pubbl n. 11 dalla fondazione per i problemi montani dell'Arco Alpino 700 1$aCapello,$bCarlo Felice$0129596 801 0$aIT$bUNINA$gRICA$2UNIMARC 901 $aBK 912 $a990008318370403321 952 $aE-09-055(10)$biST.8127$fILFGE 959 $aILFGE 996 $aRelazione preliminare sulle osservazioni eseguite nell'estate 1953 sui fenomeni crio-nivali in Piemonte$9744963 997 $aUNINA LEADER 01329nam 2200421 450 001 9910818727703321 005 20230808201801.0 010 $a2-8062-9113-5 035 $a(CKB)3710000001090410 035 $a(MiAaPQ)EBC5151806 035 $a(Au-PeEL)EBL5151806 035 $a(CaPaEBR)ebr11471665 035 $a(OCoLC)1013828934 035 $a(EXLCZ)993710000001090410 100 $a20200122d2016 uy 0 101 0 $afre 135 $aurcnu|||||||| 181 $ctxt$2rdacontent 182 $cc$2rdamedia 183 $acr$2rdacarrier 200 10$aPre?parer la venue de votre be?be? $econseils pour bien vivre la grossesse et l'arrive?e du nouveau-ne? /$fpar Dominique van der Kaa ; sous la direction de Carole Bloch 210 1$a[Place of publication not identified] :$c50Minutes.fr,$d[2016] 210 4$d©2016 215 $a1 online resource (36 pages) 225 0 $aSante? & bien-e?tre 320 $aIncludes bibliographical references. 606 $aInfants$xCare 615 0$aInfants$xCare. 676 $a649.122 700 $aVan der Kaa$b Dominique$0863371 702 $aBloch$b Carole 801 0$bMiAaPQ 801 1$bMiAaPQ 801 2$bMiAaPQ 906 $aBOOK 912 $a9910818727703321 996 $aPre?parer la venue de votre be?be?$93976742 997 $aUNINA